<?xml version="1.0" encoding="UTF-8"?>
<record
    xmlns:xsi="http://www.w3.org/2001/XMLSchema-instance"
    xsi:schemaLocation="http://www.loc.gov/MARC21/slim http://www.loc.gov/standards/marcxml/schema/MARC21slim.xsd"
    xmlns="http://www.loc.gov/MARC21/slim">

  <leader>00362nam a22001577a 4500</leader>
  <controlfield tag="003">OSt</controlfield>
  <controlfield tag="005">20231223091121.0</controlfield>
  <controlfield tag="008">191025b        xxu||||| |||| 00| 0 eng d</controlfield>
  <datafield tag="020" ind1=" " ind2=" ">
    <subfield code="a">9789351735441</subfield>
  </datafield>
  <datafield tag="040" ind1=" " ind2=" ">
    <subfield code="c">IIMT UNIVERSITY</subfield>
  </datafield>
  <datafield tag="100" ind1=" " ind2=" ">
    <subfield code="a">JAIN PUKHRAJ</subfield>
  </datafield>
  <datafield tag="245" ind1=" " ind2=" ">
    <subfield code="a">POLITICAL  SCIENCE</subfield>
  </datafield>
  <datafield tag="260" ind1=" " ind2=" ">
    <subfield code="a">DELHI</subfield>
    <subfield code="b">KIRTI PUB</subfield>
    <subfield code="c">2019</subfield>
  </datafield>
  <datafield tag="300" ind1=" " ind2=" ">
    <subfield code="a">412</subfield>
  </datafield>
  <datafield tag="942" ind1=" " ind2=" ">
    <subfield code="2">ddc</subfield>
    <subfield code="c">02</subfield>
  </datafield>
  <datafield tag="999" ind1=" " ind2=" ">
    <subfield code="c">49256</subfield>
    <subfield code="d">49256</subfield>
  </datafield>
  <datafield tag="952" ind1=" " ind2=" ">
    <subfield code="0">0</subfield>
    <subfield code="1">0</subfield>
    <subfield code="2">ddc</subfield>
    <subfield code="4">0</subfield>
    <subfield code="7">0</subfield>
    <subfield code="a">01</subfield>
    <subfield code="b">01</subfield>
    <subfield code="d">2019-10-25</subfield>
    <subfield code="e">KIRTI PUB</subfield>
    <subfield code="g">375.00</subfield>
    <subfield code="i">IN5225</subfield>
    <subfield code="l">3</subfield>
    <subfield code="m">1</subfield>
    <subfield code="p">01-B-129760</subfield>
    <subfield code="r">2025-12-05</subfield>
    <subfield code="s">2020-03-19</subfield>
    <subfield code="u">POLTICAL SCIENCE</subfield>
    <subfield code="w">2019-10-25</subfield>
    <subfield code="y">02</subfield>
  </datafield>
  <datafield tag="952" ind1=" " ind2=" ">
    <subfield code="0">0</subfield>
    <subfield code="1">0</subfield>
    <subfield code="2">ddc</subfield>
    <subfield code="4">0</subfield>
    <subfield code="7">0</subfield>
    <subfield code="a">01</subfield>
    <subfield code="b">01</subfield>
    <subfield code="d">2019-10-25</subfield>
    <subfield code="e">KIRTI PUB</subfield>
    <subfield code="g">375.00</subfield>
    <subfield code="i">IN5225</subfield>
    <subfield code="l">3</subfield>
    <subfield code="p">01-B-129761</subfield>
    <subfield code="q">2025-01-31</subfield>
    <subfield code="r">2025-01-13</subfield>
    <subfield code="s">2025-01-13</subfield>
    <subfield code="u">POLTICAL SCIENCE</subfield>
    <subfield code="w">2019-10-25</subfield>
    <subfield code="y">02</subfield>
  </datafield>
  <datafield tag="952" ind1=" " ind2=" ">
    <subfield code="0">0</subfield>
    <subfield code="1">0</subfield>
    <subfield code="2">ddc</subfield>
    <subfield code="4">0</subfield>
    <subfield code="7">0</subfield>
    <subfield code="a">01</subfield>
    <subfield code="b">01</subfield>
    <subfield code="d">2019-10-25</subfield>
    <subfield code="e">KIRTI PUB</subfield>
    <subfield code="g">375.00</subfield>
    <subfield code="i">IN5225</subfield>
    <subfield code="l">5</subfield>
    <subfield code="p">01-B-129762</subfield>
    <subfield code="r">2024-12-27</subfield>
    <subfield code="s">2024-12-12</subfield>
    <subfield code="u">POLTICAL SCIENCE</subfield>
    <subfield code="w">2019-10-25</subfield>
    <subfield code="y">02</subfield>
  </datafield>
</record>
